[Event "Norway Chess 2025"]
[Site "Chess.com"]
[Date "2025.06.01"]
[Round "6.3"]
[White "Gukesh D"]
[Black "Carlsen, Magnus"]
[Result "1-0"]
[WhiteElo "2787"]
[BlackElo "2837"]
[Annotator "Rafael Leitao"]
[PlyCount "123"]
[EventDate "2025.??.??"]
[TimeControl "40/7200:0"]

{[%evp 0,123,19,19,19,19,19,6,21,15,20,-23,-1,-15,-6,-29,-3,-28,-7,-68,-41,-70,-50,-47,4,4,22,13,30,10,21,-18,5,5,15,-5,5,6,13,-17,0,1,13,4,5,30,17,17,36,-25,-25,-25,-52,-52,-22,-43,-99,-108,-84,-120,-120,-136,-159,-167,-167,-181,-181,-181,-216,-204,-204,-221,-211,-215,-190,-193,-193,-193,-193,-193,-150,-150,-157,-157,-157,-163,-163,-171,-189,-184,-147,-129,-129,-125,-148,-134,-139,-123,-120,-120,-141,-133,-65,-75,-65,-75,374,445,464,465,465,480,446,449,496,496,726,726,962,684,684,937,752,1279,1522,1696]} 1. e4 e5 2. Nf3 Nc6 3. Bb5 Nf6 {Depois de ter dificuldades com a Ruy Lopez clássica e o lance 4...a6 em sua partida anterior contra Caruana, Carlsen decide jogar a Berlinesa. Ele costuma alternar entre essas duas opções como sua principal arma de Negras contra o peão rei.} 4. d3 Bc5 5. c3 O-O 6. O-O (6. Bxc6 $6 {Brancas não devem tentar capturar o peão de e5. Após} bxc6 7. Nxe5 d5 {as Negras têm a iniciativa.}) 6... d6 7. h3 a6 8. Ba4 (8. Bxc6 {muda a característica da partida e é uma alternativa importante.} bxc6 9. d4 {Jogo mais lento com 9.Cbd2 ou 9.Te1 também é possível.} Bb6 (9... exd4 $6 {A troca precoce dá ao cavalo branco uma casa confortável em c3.} 10. cxd4 Bb6 11. Nc3) 10. Re1 (10. dxe5 {é pior, já que as Negras ficam melhor depois de} Nxe4) 10... Re8 {com chances para ambos os lados.}) 8... h6 {O sempre útil lance profilático, prevenindo a cravada com Bg5.} (8... Ba7 {é outro lance clássico sempre útil nas aberturas Espanhola e Italiana e geralmente é jogado aqui.}) 9. Re1 b5 10. Bc2 Bb6 ({RR} 10... Re8 11. b4 Bb6 12. a4 Bd7 13. Nbd2 Ne7 14. Nf1 a5 15. bxa5 Rxa5 16. Be3 Bxe3 17. Nxe3 Ng6 18. axb5 Rxb5 19. Ba4 Rb8 20. Bxd7 Qxd7 21. Qc2 Nf4 22. Kh2 Qb5 23. Red1 Qb2 24. Ra2 Qxc2 25. Rxc2 {Nakamura,H (2736)-Carlsen,M (2872) Moscow 2019 ½-½ (62)}) ({RR} 10... Ba7 11. Nbd2 Ne7 12. Nf1 Ng6 13. d4 c6 14. Ng3 Re8 15. Be3 Qc7 16. Qd2 Be6 17. Rad1 Rad8 18. Nf5 d5 19. Bxh6 Nxe4 20. Bxe4 dxe4 21. Bxg7 Bxf5 22. Qh6 exf3 23. Bf6 {1-0 (23) Nepomniachtchi,I (2732)-Hoghmrtsyan,A (2271) chess.com INT 2025}) 11. Nbd2 {Uma posição típica da Ruy Lopez com o bispo em b6 ao invés de e7, parecida com a Variante Arkhangelsk.} Ne7 {A conhecida manobra do cavalo para g6.} (11... Be6) (11... Re8) 12. a4 Rb8 $146 (12... Bb7 {é a alternativa.}) ({RR} 12... Bb7 13. d4 Ng6 14. Nf1 Re8 15. Ng3 d5 16. exd5 Qxd5 17. axb5 axb5 18. Rxa8 Bxa8 19. Ne4 Nd7 20. Bb3 Qb7 21. Qd3 exd4 22. Nf6+ Nxf6 23. Rxe8+ Nxe8 24. Qxg6 c5 25. Bxf7+ Qxf7 26. Qxb6 Bxf3 27. gxf3 {Schon,E (2002)-Yuen,J Sydney 2008 1-0 (47)}) 13. d4 Ng6 14. Nf1 (14. a5 $1 {As Brancas devem considerar jogar esse lance, pois depois de c7-c5 ele não será mais possível.} Ba7 15. Nf1 c5 16. Ng3 {As Brancas continuarão com Be3 e estão lutando pela iniciativa.}) 14... c5 15. Ng3 cxd4 {O primeiro lance novo da partida.} (15... Qc7 {foi jogado na partida Friedrich-Schmider, Munich Laimer Open 2023.}) 16. cxd4 bxa4 17. Bxa4 {As Brancas têm algumas opções:} (17. Nf5 $6 {é prematuro, já que as Negras podem responder com} d5 $1) (17. Be3 {é possível. A princípio, pensei que isso fosse ruim devido a} Ba5 {e o peão de b2 pode ser capturado, mas isso não está claro. Depois de} 18. Rf1 Rxb2 19. Qc1 $1 {As Brancas têm a ideia tática de sacrificar o bispo em h6.}) (17. Rxa4 {é um lance sólido, mantendo a partida mais ou menos igual.}) 17... Bb7 18. d5 a5 19. Be3 Bc8 $1 {Mesmo sem as Brancas cometerem um erro claro, a posição já é preferível para as Negras. A partir daqui, as coisas vão piorar rapidamente para Gukesh. A ideia do lance jogado é melhorar o bispo e também a torre em b8.} 20. b3 (20. Nd2 {parece ser melhor.}) 20... Bxe3 21. Rxe3 Nf4 {As Negras têm controle firme das casas escuras e chances de ataque na ala do rei, com o sacrifício do bispo em h3 pairando no ar.} 22. Bc6 Rb4 {Já há muitos lances tentadores.} (22... Bxh3 {é possível, mas não é necessário buscar tais complicações quando se tem uma clara vantagem posicional.} 23. gxh3 Nxh3+ 24. Kg2 Ng4 $1 25. Rc3 {com boas chances para as Negras, mas a posição se tornou tensa.}) (22... h5 $5 {é sugerido pela máquina como uma boa alternativa. Este é um lance temático para melhorar a estrutura de peões na ala do rei com h5-h4.}) 23. Qc2 $6 (23. Nd2 {é melhor. Vamos seguir uma varianet que, embora não seja forçada, é bastante interessante e lógica:} Ba6 24. Qc2 h5 $1 25. Qa2 {As Brancas vão atrás do peão de a5.} h4 26. Qxa5 hxg3 27. Qxd8 (27. fxg3 {é ruim:} Ne2+ 28. Kf2 Rb6 $1 {defendendo o bispo.}) 27... gxf2+ 28. Kxf2 Rxd8 29. Rxa6 Rd4 30. Ra2 Nd3+ 31. Kf3 Nb4 32. Rb2 {As Negras têm excelente compensação pelo peão, mas não está claro se isso será suficiente para pressionar pela vitória.}) 23... g6 $1 {Esse lance aparentemente inofensivo é, na verdade, muito profundo. Além de dar “ar” ao rei e oferecer suporte extra para h6-h5, Carlsen tira a casa f5 do cavalo das Brancas. Isso é útil como preparação para o sacrifício do bispo em h3, seguido de Dc8.} 24. Kh1 {Esse lance misterioso tem a intenção de proteger contra o sacrifício em h3, dando ao cavalo uma casa para retornar a g1, se necessário.} (24. Ne2 {pode ser respondido por} Bxh3 (24... g5 {também é muito bom.}) 25. gxh3 $6 Nxh3+ 26. Kg2 Nxf2 {com uma forte iniciativa para as Negras.}) (24. Qa2 {As Brancas não têm tempo para atacar o peão em a5, pois agora as Negras podem jogar o lance padrão} Bxh3 $1 25. gxh3 Qc8 {com um ataque vencedor.}) 24... Ba6 {O bispo vai para outra diagonal muito útil.} 25. Qa2 Bd3 $1 26. Nd2 {Protegendo e4 e b3.} h5 $1 {Preparando-se para expulsar o cavalo de g3 e destruir a posição das Brancas. As Negras alcançaram uma vantagem decisiva.} 27. Qxa5 Qxa5 28. Rxa5 h4 29. Ra4 $5 {Uma tentativa interessante de oferecer resistência, usando a ideia de que a captura em g3 ainda não é decisiva, já que o bispo em d3 ficará pendurado.} (29. Ngf1 {Aqui, as Negras podem vencer de várias maneiras. Uma delas é} Bxf1 30. Nxf1 Nxe4) 29... Rfb8 $1 {As Brancas estão quase em zugzwang: suas peças não têm para onde se mover.} 30. Ra2 (30. Rxb4 Rxb4 {e as Brancas não têm nada a fazer.}) (30. Ngf1 Bxf1 31. Nxf1 Rxb3 32. Rxb3 Rxb3 {apesar das poucas peças restantes, as Brancas estão completamente perdidas.}) 30... Kg7 {Um lance surpreendentemente tranquilo.} (30... hxg3 {ganha imediatamente.} 31. fxg3 Ne2 $1 32. Rxd3 Nc1 33. Rf3 {Talvez Carlsen tenha jogado o rei para g7 para proteger o cavalo nessa linha.} Nxa2 34. Rxf6 Nc3 35. Rxd6 Rd4 36. Nf3 Nxe4 {com uma vitória fácil.}) 31. Ra7 Rd4 {O bispo em d4 está protegido, e as Negras definitivamente estão ameaçando capturar o cavalo agora.} 32. Nf3 (32. Ngf1 Bxf1 33. Nxf1 Nxe4 {oferece pouca esperança para as Brancas. Os peões em b3 e d5 provavelmente cairão nos próximos lances.}) 32... hxg3 33. fxg3 Nxh3 (33... Bxe4 $1 {é uma vitória mais limpa, com uma ideia bonita.} 34. gxf4 (34. Nxd4 exd4 35. Rxe4 Nxe4 36. gxf4 d3 {O peão de d decide a partida.}) 34... Rd1+ 35. Kh2 (35. Re1 Bxf3 {perde uma peça.}) (35. Ne1 exf4 36. Re2 f3 $1) 35... exf4 36. Rc3 Ng4+ $1 {Isso dói.} 37. hxg4 Rh8+ 38. Nh4 Rxh4+ 39. Rh3 Rxh3+ 40. gxh3 Rh1#) 34. gxh3 (34. Nxd4 exd4 35. Rxd3 Nf2+ {Cavalos são peças traiçoeiras.}) 34... Bxe4 35. Kh2 {Nos próximos lances, Carlsen continuará tendo muitas oportunidades de vencer a partida diretamente: o computador aqui lhe dá uma vantagem de cinco pontos. Embora essa partida vá ser lembrada pelo erro dramático no final, é importante destacar que, para mim, o mais estranho não é a imprecisão que perde o jogo, mas o fato de que um jogador que nunca dá chances ao adversário tenha, por algum motivo, permitido que seu oponente sobrevivesse nessa posição.} Rd1 (35... Bxf3 36. Rxf3 e4 {ganha imediatamente:} 37. Re3 Rd3 38. Rxd3 exd3 39. Ra2 Ne4 {O peão de d corre rumo à glória.}) 36. g4 Bxd5 (36... Bxf3 37. Rxf3 {está ganho novamente, semelhante ao lance anterior.} e4) (36... Rh8 {também é muito convincente:} 37. Kg3 Bxd5 ({or} 37... Bxf3 38. Rxf3 Ne4+ 39. Kg2 Rd2+ 40. Kf1 Ng5 {com uma vitória fácil.}) 38. Bxd5 Nxd5 {As Brancas estão com um peão a menos e sob ataque.}) 37. Bxd5 Nxd5 38. Re2 Nf4 (38... Nc3 39. Rc2 Nb5 {Isso está ganho para as Negras sem muita dificuldade, por exemplo:} 40. Rd7 Kf6 $1 {seguido por Re6.}) (38... Rxb3 {também é possível:} 39. Ng5 Rf1 {e as Negras também devem ganhar.}) 39. Rc2 Kf6 {Novamente, existem boas alternativas:} (39... Rxb3 40. Ng5 Rdd3 $1 41. Rxf7+ Kh6 42. h4 Rh3+ 43. Nxh3 Rxh3+ 44. Kg1 Rxh4 {As Negras têm três peões pela qualidade.}) (39... Ne6 {também está ganho.}) 40. h4 Ke6 {O rei marcha para o centro do tabuleiro.} 41. Ng5+ Kd5 42. Ra5+ Kd4 43. Ra4+ (43. Nxf7 {As Negras conseguem iniciar um ataque:} Rxb3 44. Ng5 Rbb1) 43... Kd3 44. Rf2 f6 $2 {Esse lance torna a vitória problemática.} (44... Rh8 $1 {é a maneira mais simples de vencer.}) 45. Rf3+ Ke2 46. Ra2+ (46. Re4+ {também é possível, com uma ideia tão bonita que parece até uma composição:} Kd2 47. Ra4 $3 {O ponto é que, se as Negras capturarem o cavalo, então as Brancas conseguem um empate surpreendente após} fxg5 $2 48. Ra2+ Kc1 49. Rff2 $1 Rxb3 50. Ra1+ Rb1 51. Raa2 {As Negras são incapazes de escapar do xeque perpétuo. Uma variante incrível.}) 46... Rd2 47. Rxd2+ Kxd2 48. Ne4+ Ke2 49. Kg3 {Talvez as Negras ainda possam vencer essa posição, mas não está nada claro. $146ão consegui encontrar nada convincente.} d5 50. Nxf6 Rf8 51. Rf2+ Ke1 52. Nd7 (52. g5 {também é possível, e parece levar a um empate também.}) 52... Ne2+ $4 {A tal \"capivarada\" sobre a qual todos vão falar por muito tempo. Quero deixar claro que as Negras já não estavam mais ganhas.} (52... Re8 {As Brancas podem empatar de mais de uma maneira.} 53. Nxe5 (53. Rxf4 {também é bom:} exf4+ 54. Kxf4 d4 55. Nc5 $1 Ke2 56. h5 gxh5 57. gxh5 d3 58. Nxd3 Kxd3 59. h6 {e assim por diante.}) 53... Ne2+ 54. Rxe2+ Kxe2 55. Kf4 d4 (55... g5+ 56. hxg5 Rf8+ 57. Kg3 {Isso parece inteligente para as Negras, mas de qualquer forma é um empate.}) 56. Nc4 $1 {O único lance.} (56. h5 $2 gxh5 57. gxh5 Rxe5 58. Kxe5 d3 59. h6 d2 60. h7 d1=Q 61. h8=Q Qa1+ {ganhando a dama.}) 56... d3 57. h5 gxh5 58. gxh5 d2 59. Nxd2 Kxd2 60. h6 {e um empate.}) 53. Rxe2+ Kxe2 54. Nxf8 d4 55. Ne6 d3 56. Nc5 {Como escrevi antes nesta partida e muitas outras vezes, os cavalos são peças traiçoeiras. Eles podem confundir até os melhores dos melhores.} (56. Ng5 {também ganha.}) 56... Ke3 (56... d2 57. Ne4 d1=Q 58. Nc3+ {Este é um método antigo para um cavalo lidar com um peão passado.}) 57. Na4 $1 e4 58. h5 gxh5 59. gxh5 Kd2 60. Nb2 e3 (60... Kc2 {também perde:} 61. Nc4 d2 62. Ne3+) 61. Nc4+ Ke2 62. Kf4 {O peão de e3 cai. A primeira vitória de Gukesh contra Carlsen em uma partida clássica provavelmente não foi como ele esperava, mas acho que ele vai aceitar do mesmo jeito.} 1-0

[Event "Norway Chess 2025"]
[Site "Chess.com"]
[Date "2025.06.03"]
[Round "8.2"]
[White "Wei, Yi"]
[Black "Carlsen, Magnus"]
[Result "1/2-1/2"]
[WhiteElo "2758"]
[BlackElo "2837"]
[Annotator "Chess.com"]
[PlyCount "61"]
[EventDate "2025.??.??"]

{[%evp 0,61,35,19,28,19,19,19,19,17,48,11,79,19,28,24,45,21,25,3,14,11,11,9,11,9,9,9,12,8,8,-22,0,-10,-10,-55,-2,-60,-7,-25,0,-18,0,0,7,-5,8,13,21,14,16,16,24,4,26,26,20,24,24,19,24,15,15,14]} 1. e4 e5 2. Nf3 Nc6 3. Nc3 Nf6 4. Bb5 (4. d4 {would have been a draw offer, Carlsen said.}) 4... Bd6 {Carlsen said he didn't really know much about this move but played it anyway.} 5. d3 h6 6. a3 a6 7. Ba4 Bc5 ({RR} 7... b5 8. Bb3 Bb7 9. O-O O-O 10. Nd5 Re8 11. Bd2 Nd4 12. Nxd4 exd4 13. Qf3 Nxd5 14. exd5 Qh4 15. g3 Qh3 16. Rae1 Re5 17. Rxe5 Bxe5 18. Re1 d6 19. Bf4 Bf6 20. Qg2 Qxg2+ 21. Kxg2 a5 22. h4 {Grandelius,N (2623)-Fressinet,L (2712) Oslo 2015 ½-½ (59)}) ({RR} 7... Rb8 8. g4 b5 9. Bb3 Be7 10. g5 hxg5 11. Nxg5 Rf8 12. Nf3 d6 13. Rg1 Bg4 14. Be3 g6 15. h3 Bh5 16. Rg3 Qd7 17. Qd2 Nd8 18. d4 exd4 19. Bxd4 Ne6 20. Bxf6 Bxf6 21. Nd5 Bd8 22. O-O-O {Lisenkov,S (2322)-Yeletsky,I (2460) Sochi RUS 2025 1-0 (42)}) 8. Bxc6 dxc6 9. Nxe5 Qd4 $146 {A novelty, but it's actually the best move.} (9... Bxf2+ {has been played twice before, but the engine gives White an advantage, even if the players agreed to a draw in the following game.} 10. Kxf2 Qd4+ 11. Be3 Qxe5 12. h3 Qe7 13. Rf1 Be6 14. Kg1 O-O-O 15. Qf3 Kb8 16. Qf2 {½-½ (16) Cornette,M (2599)-Adams,M (2744) Kilkenny 2016}) ({RR} 9... Bxf2+ 10. Kxf2 Qd4+ 11. Be3 Qxe5 12. h3 Bd7 13. Qf3 O-O-O 14. Rhf1 Nh7 15. Qg3 Qe7 16. Kg1 g5 17. Bd4 Rhg8 18. b4 Be6 19. Bc5 Qd7 20. a4 h5 21. b5 b6 22. Be3 cxb5 23. axb5 a5 24. Ra4 {Lazarne Vajda,S (2265)-Janzelj,L (2201) Budva MNE 2023 ½-½ (81)}) 10. Be3 Qxe5 11. d4 Qe7 12. dxc5 Nxe4 13. Nxe4 Qxe4 14. Qd4 Qxd4 15. Bxd4 {Opposite-color bishops, equal pawns, means this is headed for a draw.} f6 16. Kd2 Kf7 17. Kc3 Bf5 18. Rad1 Rad8 19. f3 h5 20. h4 Rhe8 21. Bf2 Rxd1 22. Rxd1 g5 23. Re1 Rxe1 24. Bxe1 Ke6 25. Bg3 Kd5 26. b4 b5 27. hxg5 fxg5 28. Bxc7 g4 29. fxg4 Bxg4 30. g3 Ke4 31. Kd2 1/2-1/2

[Event "Norway Chess 2025"]
[Site "Chess.com"]
[Date "2025.06.03"]
[Round "8.2"]
[White "Wei, Yi"]
[Black "Carlsen, Magnus"]
[Result "1-0"]
[WhiteElo "2711"]
[BlackElo "2883"]
[Annotator "Chess.com"]
[PlyCount "93"]
[EventDate "2025.??.??"]

{[%evp 0,93,19,19,19,32,14,-3,-1,-5,78,35,32,1,18,-9,28,25,32,-2,34,-5,-26,-26,-16,-16,19,19,38,60,60,18,-6,11,11,-14,-4,-12,-5,-24,-10,-18,-6,-36,-3,-14,-18,-1,-6,1,-12,-6,-6,-18,-1,17,27,0,4,-4,336,351,387,387,395,384,404,420,424,356,345,367,372,315,365,344,400,335,379,379,459,448,573,575,630,609,609,362,343,343,338,267,1297,29988,29989,29990]} {Armagedom} 1. e4 e5 2. Bc4 Nf6 3. d3 c6 4. Nf3 Be7 5. O-O d6 6. c3 Nbd7 ({RR} 6... Bg4 7. h3 Bxf3 8. Qxf3 Nbd7 9. Qg3 O-O 10. f4 exf4 11. Bxf4 Nh5 12. Qg4 Nxf4 13. Qxf4 d5 14. exd5 cxd5 15. Bb3 Nf6 16. Nd2 a5 17. Rae1 Bd6 18. Qf3 a4 19. Bc2 Qb6+ 20. Kh1 Qxb2 21. Rc1 {Akhayan,R (2249)-Rose,F (2091) chess.com INT 2024 1-0 (41)}) 7. Re1 Nf8 8. Qb3 Ne6 9. d4 $146 (9. Bxe6 fxe6 10. d4 exd4 11. Nxd4 d5 12. exd5 exd5 13. Bg5 O-O 14. Nd2 {½- (46) ½ (46) Fernandez Garcia,J (2474)-Kaplan,S (2345) Andorra 2006}) ({RR} 9. Bxe6 fxe6 10. d4 exd4 11. Nxd4 d5 12. exd5 exd5 13. Bg5 O-O 14. Nd2 Kh8 15. Bh4 Bd6 16. Nf1 c5 17. Nf3 b6 18. Bg3 Bb7 19. Rad1 Bxg3 20. Nxg3 Qc7 21. Qa4 Bc6 22. Qh4 Rae8 23. Ng5 Qd7 {Fernandez Garcia,J (2474)-Kaplan,S (2345) Andorra 2006 ½-½ (46)}) 9... Qc7 10. Nbd2 O-O 11. Bf1 Re8 12. a4 a5 13. Nc4 exd4 14. Nb6 Rb8 15. cxd4 Bd8 16. Nxc8 Rxc8 17. Bd2 Qb6 18. Qd3 d5 19. e5 Ne4 20. Be3 Be7 21. Red1 Red8 22. Qb1 c5 23. Bb5 cxd4 24. Nxd4 Nxd4 25. Bxd4 Bc5 26. Qd3 g6 27. Qe3 Bxd4 28. Rxd4 Ng5 29. Qd2 {Carlsen was slightly worse at some points earlier, but here he's reached an equal position and has several good moves available.} (29. Qxg5 $4 {isn't possible yet because the rook hangs.} Qxd4) 29... Rc2 $4 {A one-move blunder that the chess world won't soon forget.} (29... Ne6 30. Rxd5 Rxd5 31. Qxd5 Rc2 {wins the pawn back with a fork on b2 and f2.}) (29... Ne4 {is also an attempt to repeat moves.} 30. Qe3 (30. Qd3 Nc5 {and White's only move would be} 31. Qh3 $1 (31. Qd1 $4 Nb3 $1 {wins an exchange.} 32. Qxb3 Qxd4)) 30... Ng5) 30. Qxg5 {The knight that wasn't hanging a move ago now can be taken.} Rxf2 (30... Qxd4 31. Qxd8+ {This may be what Carlsen missed, that the rook is hanging on d8 now.}) 31. Qxd8+ Qxd8 32. Kxf2 Qc7 {White has a winning material advantage. For Wei, this is an easy win.} 33. Rxd5 Qb6+ 34. Ke2 Qe6 35. Rad1 Qf5 36. R1d4 Qc2+ 37. Kf3 Kg7 38. h3 h5 39. Rd7 g5 40. Bc4 Qf5+ 41. Ke2 Qxe5+ 42. Kd1 Qh2 43. R4d6 Qg1+ 44. Kc2 Qxg2+ 45. Kb3 Kf8 46. Rxf7+ Ke8 47. Rg6 {Threatening mate on g8 and there's no good defense.} 1-0